000
00185 a2200097 4500
020
_a
9780735821583
041
_a
spa
100
_a
CHRISTOPHE LOUPY
245
_a
ABRAZOS Y BESOS
942
_c
BK
999
_c
285
_d
285